Discours de métaphysique

I tiakina i:
Ngā taipitopito rārangi puna kōrero
Kaituhi matua: Leibniz, Gottfried Wilhelm (Author)
Hōputu: Pukapuka
Reo:Wīwī
I whakaputaina: París J. Vrin 1994
Rangatū:Bibliothéque des Textes Philosophiques
Ngā marau:
Ngā Tūtohu: Tāpirihia he Tūtohu
Kāore He Tūtohu, Me noho koe te mea tuatahi ki te tūtohu i tēnei pūkete!

MARC

LEADER 00000nam a2200000 a 4500
001 UCL3676
003 CL-VaPUC
008 031205e19940000FR |||||||||||||||||fre|d
020 |a 2711604810 
082 0 4 |a 110  |b LEI  |2 21 
100 |a Leibniz, Gottfried Wilhelm   |e author  |9 429654 
245 1 0 |a Discours de métaphysique 
300 |a 94 p 
942 |c BK 
945 |d 20031205 00:00:00  |a cmena 
260 |a París  |b J. Vrin  |c 1994 
500 |a FONDO FOMENTO ACTUALIZACION DOCENTE 
650 0 |a Idealismo  |9 265685 
650 0 |a Metafísica  |9 265649 
650 0 |a Filosofía alemana   |9 265002 
583 |a last modification  |c 20031205 00:00:00  |k Rodrigo Vera 
490 0 |a Bibliothéque des Textes Philosophiques 
999 |c 306689  |d 306687 
952 |0 0  |1 0  |4 0  |6 110_000000000000000_LEI_1994  |7 0  |8 P  |9 371880  |a BIBARQ  |b BIBARQ  |d 2019-11-21  |i 3971414  |o 110 LEI 1994  |p 3971414  |r 2025-01-20  |w 2019-11-21  |y BK  |k ARQ